000 00713cam a2200229 a 4500
001 12648371
005 20180312080719.0
008 020117s2003 iaua 001 0 eng
010 _a 2002016623
020 _a0072410671 (acidfree paper)
020 _a007115115X (ISE : acidfree paper)
040 _aDLC
_cDLC
_dDLC
041 _aeng
080 _a540 CHAN
082 0 0 _a540 CHAN
_221
100 1 _a12
101 _aKIM
245 1 0 _aGeneral chemistry :
_cRaymond Chang.
906 _a7
_bcbc
_corignew
_d1
_eocip
_f20
_gy-gencatlg
942 _2ddc
_cBK
999 _c44732
_d44732